[Event "AUTO-OPEN-854"]
[Site "http://www.queenalice.com/game.php?id=281425"]
[Date "2007.10.5"]
[Round "1"]
[White "evasion"]
[Black "knightwhite"]
[Result "0-1"]
[WhiteElo "1820"]
[BlackElo "1100"]

1. d4 d5 2. c4 Nc6 3. Nc3 e6 4. e3 Nf6 5. Nf3 Bb4 6. Qc2 O-O 7. Bd3 dxc4 8. Bxc4
b6 9. O-O Bb7 10. a3 Bd6 11. e4 Be7 12. Bd3 h6 13. Be3 Ng4 14. Bf4 Nxd4 15. Nxd4
Qxd4 16. Bxc7 Rac8 17. Nb5 Qd7 18. Rac1 Ne5 19. Rfd1 Nxd3 20. Rxd3 Qxb5 21. Rc3
Bc5 22. a4 Qd7 23. Bg3 Qd4 24. Rc4 Qd7 25. Kh1 a5 26. Rd1 Qc6 27. Be5 Rfd8 28.
f3 Ba6 29. Rc3 Rxd1+ 30. Qxd1 Qe8 31. Qe1 Qe7 32. Qg3 Qg5 33. Qxg5 hxg5 34. Rc2
Rd8 35. h3 Rd1+ 36. Kh2 Bd3 37. Rc3 Rd2 38. b3 Bf1 0-1

[Event "AUTO-OPEN-854"]
[Site "http://www.queenalice.com/game.php?id=281449"]
[Date "2007.10.5"]
[Round "1"]
[White "sripradeep"]
[Black "knightwhite"]
[Result "1-0"]
[WhiteElo "1842"]
[BlackElo "1538"]

1. e4 c5 2. d4 cxd4 3. c3 dxc3 4. Nxc3 Nc6 5. Nf3 g6 6. Bc4 Bg7 7. Bf4 Bxc3+ 8.
bxc3 Nf6 9. O-O O-O 10. e5 Nh5 11. Bh6 Ng7 12. Re1 Qc7 13. Qd5 a6 14. Rad1 b5
15. Bb3 Ra7 16. Ng5 e6 17. Qf3 Ne7 18. Bxg7 Kxg7 19. Qf6+ Kg8 20. Qxe7 1-0

[Event "AUTO-OPEN-854"]
[Site "http://www.queenalice.com/game.php?id=281450"]
[Date "2007.10.5"]
[Round "1"]
[White "knightwhite"]
[Black "sripradeep"]
[Result "0-1"]
[WhiteElo "1532"]
[BlackElo "1846"]

1. d4 Nf6 2. c4 c5 3. d5 b5 4. cxb5 a6 5. Nc3 axb5 6. Nxb5 Ba6 7. Nc3 d6 8. Nf3
g6 9. e4 Bxf1 10. Kxf1 Nbd7 11. h4 Bg7 12. Bg5 Qb6 13. Qe2 O-O 14. g3 h6 15. Be3
Ng4 16. Bf4 Rfb8 17. Bc1 h5 18. Kg2 c4 19. Rf1 Nge5 20. Rb1 Nxf3 21. Qxf3 Ne5
0-1

[Event "AUTO-OPEN-854"]
[Site "http://www.queenalice.com/game.php?id=281463"]
[Date "2007.10.5"]
[Round "1"]
[White "maarciano1026"]
[Black "knightwhite"]
[Result "0-1"]
[WhiteElo "1292"]
[BlackElo "1218"]

1. e4 c5 2. Qh5 Nc6 3. Bc4 e6 4. d4 Nxd4 5. Bg5 Be7 6. Bxe7 Qxe7 7. Nf3 Nxc2+ 8.
Kd1 Nxa1 9. Ng5 Nf6 10. Qxf7+ Qxf7 11. Nd2 Qh5+ 12. Ngf3 O-O 13. Ke2 Nc2 14. Rc1
Nd4+ 15. Kd3 d5 16. Bb3 Nxb3 17. Nxb3 dxe4+ 18. Kd2 b6 19. h3 exf3 20. g4 Qg5+
0-1

[Event "AUTO-OPEN-854"]
[Site "http://www.queenalice.com/game.php?id=281464"]
[Date "2007.10.5"]
[Round "1"]
[White "knightwhite"]
[Black "maarciano1026"]
[Result "1-0"]
[WhiteElo "1100"]
[BlackElo "1292"]

1. e4 e5 2. Nf3 Bc5 3. d4 exd4 4. Nxd4 Bxd4 5. Qxd4 Qf6 6. Be3 Qxd4 7. Bxd4 Nc6
8. Bxg7 Nge7 9. Bxh8 Nd4 10. Bd3 Ndc6 11. Nc3 Ng6 12. Bf6 Nf4 13. O-O-O Nxd3+
14. Rxd3 d6 15. Rg3 Ne5 16. Rd1 Nc4 17. f4 Kd7 18. f5 b6 19. e5 Nxe5 20. Bxe5
1-0

[Event "AUTO-OPEN-855"]
[Site "http://www.queenalice.com/game.php?id=281961"]
[Date "2007.10.6"]
[Round "1"]
[White "gdan"]
[Black "knightwhite"]
[Result "1-0"]
[WhiteElo "1967"]
[BlackElo "1390"]

1. e4 c5 2. Nf3 Nc6 3. d4 cxd4 4. Nxd4 g6 5. Nc3 Bg7 6. Be3 a6 7. Qd2 e6 8.
O-O-O d5 9. exd5 exd5 10. h4 Nf6 11. f3 O-O 12. Be2 Nh5 13. g4 Ng3 14. Rh3 Nxe2+
15. Ndxe2 Re8 16. h5 Be6 17. hxg6 hxg6 18. Nd4 Qf6 19. Nxc6 bxc6 20. Bd4 Qxd4
21. Qxd4 Bxd4 22. Rxd4 Kg7 23. Rd2 Rh8 24. Rxh8 Rxh8 25. b3 Rh3 26. Ne2 Rxf3 27.
Nd4 Rg3 28. Nxc6 Rxg4 29. Nb8 a5 30. a4 Rb4 31. Nc6 Rb6 32. Nxa5 f5 33. Rd4 Kf6
34. b4 Ke5 35. c3 g5 36. Kd2 f4 37. Nb3 g4 38. Nc5 Bc8 39. Nd3+ 1-0

[Event "AUTO-OPEN-855"]
[Site "http://www.queenalice.com/game.php?id=281962"]
[Date "2007.10.6"]
[Round "1"]
[White "knightwhite"]
[Black "gdan"]
[Result "1-0"]
[WhiteElo "1100"]
[BlackElo "1995"]

1. Nf3 d5 2. d4 Nf6 3. Bg5 e6 4. c4 dxc4 5. e4 h6 6. Bxf6 gxf6 7. Bxc4 c5 8. O-O
Nc6 9. d5 Ne5 10. Nxe5 fxe5 11. Nc3 Qg5 12. Nb5 Rg8 13. Qf3 Qe7 14. d6 Qd7 15.
Nc7+ Kd8 16. Nxa8 Bxd6 17. Rfd1 Ke7 18. a4 b6 19. Bb5 Qb7 20. h3 Qxa8 21. Rxd6
Kxd6 22. Qxf7 Rxg2+ 23. Kf1 c4 24. Rd1+ Kc5 25. Qc7+ Kb4 26. Qxc4+ Ka5 27. Qc3#
1-0

[Event "AUTO-OPEN-855"]
[Site "http://www.queenalice.com/game.php?id=281987"]
[Date "2007.10.6"]
[Round "1"]
[White "thom"]
[Black "knightwhite"]
[Result "1-0"]
[WhiteElo "1510"]
[BlackElo "1471"]

1. e4 c5 2. Nf3 Nc6 3. d4 cxd4 4. Nxd4 g6 5. Nc3 Bg7 6. Be3 b6 7. g3 Bb7 8. Bg2
Nf6 9. O-O O-O 10. e5 Ne8 11. Re1 Rb8 12. Bf4 Nc7 13. Re3 Nxd4 14. Qxd4 Bxg2 15.
Kxg2 Ne6 16. Qa4 Nxf4+ 17. Qxf4 Rc8 18. Rc1 Qc7 19. Nd5 Qc5 20. c4 b5 21. b3
bxc4 22. Qxc4 Qxc4 23. Nxe7+ Kh8 24. Rxc4 Rxc4 25. bxc4 Re8 26. Nd5 Rxe5 27. Ra3
Rxd5 28. cxd5 Bd4 29. Ra6 Bb6 30. a4 Kg7 31. a5 Bc5 32. Kf3 f6 33. Ke2 g5 34. f3
Kf7 35. Kd3 Ke7 36. Kc4 Bf2 37. g4 Bg1 38. h3 Bf2 39. Kd3 Bc5 40. Ke4 Bf2 41.
Kf5 Be3 42. Rxf6 Bd2 43. d6+ 1-0

[Event "AUTO-OPEN-855"]
[Site "http://www.queenalice.com/game.php?id=281988"]
[Date "2007.10.6"]
[Round "1"]
[White "knightwhite"]
[Black "thom"]
[Result "1-0"]
[WhiteElo "1297"]
[BlackElo "1544"]

1. e4 c5 2. Nf3 Nc6 3. d4 cxd4 4. Nxd4 e5 5. Nf5 d6 6. Nc3 Bxf5 7. exf5 Nf6 8.
Bb5 Qa5 9. O-O Be7 10. Bg5 O-O 11. Qf3 Rac8 12. Rfd1 Rfd8 13. Rd3 e4 14. Nxe4
Qxb5 15. Nxf6+ Bxf6 16. Bxf6 gxf6 17. Qh5 Rc7 18. Qh6 Kh8 19. Qxf6+ Kg8 20. Re1
Kf8 21. Qh8# 1-0

[Event "AUTO-OPEN-855"]
[Site "http://www.queenalice.com/game.php?id=282003"]
[Date "2007.10.6"]
[Round "1"]
[White "joaoreis001"]
[Black "knightwhite"]
[Result "0-1"]
[WhiteElo "1723"]
[BlackElo "1389"]

1. e4 c5 2. Bc4 Nc6 3. Nf3 g6 4. Ng5 e6 5. d3 d5 6. exd5 exd5 7. Bb5 Bg7 8. c3
Bf5 9. g4 Bd7 10. Nf3 Nf6 11. h3 O-O 12. Bg5 Re8+ 13. Be3 a6 14. Bxc6 Bxc6 15.
O-O d4 16. Bd2 Qd5 17. Na3 Qxf3 18. Qxf3 Bxf3 19. Nc4 Re6 20. g5 Nd5 21. a3 dxc3
22. bxc3 Nxc3 23. Bxc3 Bxc3 24. Rab1 b5 25. Ne3 Re5 26. Ng4 Rxg5 27. Kh2 h5 28.
Ne3 Be5# 0-1

[Event "AUTO-OPEN-855"]
[Site "http://www.queenalice.com/game.php?id=282004"]
[Date "2007.10.6"]
[Round "1"]
[White "knightwhite"]
[Black "joaoreis001"]
[Result "1-0"]
[WhiteElo "1100"]
[BlackElo "1712"]

1. Nf3 Nc6 2. d4 d5 3. c4 Nf6 4. Nc3 b6 5. cxd5 Nxd5 6. e4 Nf6 7. d5 Nb8 8. Bb5+
Bd7 9. e5 Bxb5 10. exf6 exf6 11. Nxb5 Bb4+ 12. Bd2 Bxd2+ 13. Qxd2 O-O 14. O-O a6
15. Nc3 Re8 16. Rfe1 c6 17. dxc6 Rxe1+ 18. Rxe1 Nxc6 19. Qxd8+ Rxd8 20. g3 Rd3
21. Re8# 1-0

[Event "AUTO-INT-706"]
[Site "http://www.queenalice.com/game.php?id=314877"]
[Date "2007.12.4"]
[Round "1"]
[White "knightwhite"]
[Black "Be0wulf"]
[Result "0-1"]
[WhiteElo "1526"]
[BlackElo "1509"]

1. d4 d5 2. c4 Nf6 3. cxd5 Qxd5 4. Nc3 Qa5 5. a3 e6 6. Bd2 c6 7. b4 Qc7 8. e4 e5
9. Bg5 Nbd7 10. Nf3 Be7 11. Bc4 O-O 12. O-O b5 13. Bb3 h6 14. Bh4 a5 15. Bxf6
Bxf6 16. d5 axb4 17. axb4 Rxa1 18. Qxa1 Bb7 0-1

[Event "AUTO-INT-706"]
[Site "http://www.queenalice.com/game.php?id=314878"]
[Date "2007.12.4"]
[Round "1"]
[White "Be0wulf"]
[Black "knightwhite"]
[Result "1-0"]
[WhiteElo "1526"]
[BlackElo "1500"]

1. e4 c5 2. d4 cxd4 3. Qxd4 Nc6 4. Qa4 a6 5. Nc3 e5 6. Nf3 Bc5 7. Nd5 d6 8. b4
Ba7 9. c3 Ne7 10. Bg5 O-O 11. Bc4 b5 12. Bxb5 axb5 13. Qxb5 f6 14. Be3 Bxe3 15.
Nxe3 Ba6 16. Qa4 Qb6 17. Qb3+ Kh8 18. a4 1-0

[Event "AUTO-INT-706"]
[Site "http://www.queenalice.com/game.php?id=314879"]
[Date "2007.12.4"]
[Round "1"]
[White "knightwhite"]
[Black "Pinha"]
[Result "1-0"]
[WhiteElo "1435"]
[BlackElo "1799"]

1. d4 Nf6 2. c4 e6 3. Nc3 Bb4 4. Bg5 O-O 5. e4 h6 6. Bxf6 Qxf6 7. e5 Qe7 8. Nf3
Bxc3+ 9. bxc3 c6 10. Bd3 d5 11. h4 Rd8 12. g4 dxc4 13. Bxc4 b6 14. g5 h5 15. g6
fxg6 16. Rg1 Qe8 17. Bd3 c5 18. Bxg6 Qe7 19. Ng5 cxd4 20. Qxh5 Qc5 21. Qh7+ Kf8
22. Qh8+ 1-0

[Event "AUTO-INT-706"]
[Site "http://www.queenalice.com/game.php?id=314880"]
[Date "2007.12.4"]
[Round "1"]
[White "Pinha"]
[Black "knightwhite"]
[Result "1-0"]
[WhiteElo "1796"]
[BlackElo "1505"]

1. e4 c5 2. Nf3 Nc6 3. d4 cxd4 4. Nxd4 Nxd4 5. Qxd4 d6 6. Nc3 Nf6 7. Bb5+ Bd7 8.
O-O g6 9. Bd3 Bg7 10. Qe3 O-O 11. h3 Rc8 12. Qe2 Qb6 13. Rb1 Rxc3 14. Be3 Qc6
15. bxc3 Nxe4 16. Bxe4 Qxe4 17. Qd2 Bc6 18. f3 Qf5 19. Rbc1 b6 20. Bh6 Rc8 21.
Bxg7 Kxg7 22. Rfe1 Rc7 23. Qd4+ f6 24. Re3 Bd5 25. g4 Qg5 26. f4 e5 27. Qxd5
Qxf4 28. Rce1 1-0

[Event "AUTO-INT-706"]
[Site "http://www.queenalice.com/game.php?id=314881"]
[Date "2007.12.4"]
[Round "1"]
[White "knightwhite"]
[Black "Delferrer"]
[Result "1-0"]
[WhiteElo "1496"]
[BlackElo "1653"]

1. d4 d5 2. c4 Nf6 3. Nc3 dxc4 4. e4 e5 5. dxe5 Qxd1+ 6. Kxd1 Nfd7 7. e6 fxe6 8.
Bxc4 Ne5 9. Bb3 Bd7 10. Kc2 Bb4 11. Nge2 Bxc3 12. Nxc3 O-O 13. f4 Nf7 14. Be3
Nc6 15. Rad1 Be8 16. Bc5 Nd6 17. Bxe6+ Bf7 18. Bd7 Ne7 19. e5 Nc4 20. Bxe7 Rfb8
21. Rhe1 c6 22. f5 Be8 23. f6 gxf6 24. exf6 Bf7 25. Rd4 Be8 26. Rg4+ Kh8 27. f7
Bxf7 28. Bf6# 1-0

[Event "AUTO-INT-706"]
[Site "http://www.queenalice.com/game.php?id=314882"]
[Date "2007.12.4"]
[Round "1"]
[White "Delferrer"]
[Black "knightwhite"]
[Result "1-0"]
[WhiteElo "1654"]
[BlackElo "1478"]

1. e4 c5 2. d4 cxd4 3. Qxd4 Nc6 4. Qd1 Nf6 5. f3 d5 6. exd5 Nxd5 7. Bb5 e5 8.
Nc3 Be6 9. Nxd5 Qxd5 10. Qxd5 Bxd5 11. Ne2 O-O-O 12. Bxc6 Bxc6 13. Be3 Bb4+ 14.
c3 Be7 15. Bxa7 Rd7 16. O-O Rd2 17. Ng3 Rxb2 18. c4 Rd8 19. Rf2 Rxf2 20. Bxf2
Rd2 21. Ne4 Rc2 22. c5 Bxe4 23. fxe4 Bxc5 24. Bxc5 Rxc5 25. h4 Rc2 26. Kf1 Kc7
27. g3 b5 28. a4 b4 29. Ke1 1-0